Born in Milton Keynes - Statistics

General Stats
  • This quiz has been taken 14 times
  • The average score is 4 of 6
Answer Stats
Hint Answer % Correct
Retired long jumper who won the gold medal at the 2012 Olympics 1986 Greg Rutherford
86%
Footballer who plays for Chelsea and the English national team 1996 Ben Chilwell
79%
Footballer who plays for Besiktas and played for Tottenham and the English national team 1996 Dele Alli
79%
Footballer who plays for Fulham and the United States national team 1997 Antonee Robinson
64%
Footballer who plays for Arsenal and captains the English women's national team 1997 Leah Williamson
64%
Actress, best kown for her roles as Beth Young in "Desperate Housewives" and Sammi Slott in "Shameless" 1975 Emily Bergl
21%
No matching quizzes found
Score Distribution
Percent of People with Each Score
Percentile by Number Answered
Your Score History
You have not taken this quiz